[Event "RUS-ch 56th"]
[Site "Krasnoyarsk"]
[Date "2003.09.08"]
[Round "5"]
[White "Kurnosov, Igor"]
[Black "Lastin, Alexander"]
[Result "1/2-1/2"]
[WhiteElo "2527"]
[BlackElo "2634"]
[Annotator "Lukacs,P"]
[PlyCount "56"]
[EventDate "2003.09.03"]
[EventType "swiss"]
[EventRounds "9"]
[EventCountry "RUS"]
[SourceTitle "CBM 098"]
[Source "ChessBase"]
[SourceDate "2004.02.03"]
[SourceVersion "1"]
[SourceVersionDate "2004.02.03"]
[SourceQuality "1"]

1. e4 e5 2. Nf3 Nc6 3. Bc4 Bc5 4. b4 Bxb4 5. c3 Ba5 6. d4 d6 7. Qb3 Qd7 8. dxe5
Bb6 9. Nbd2 Na5 (9... Nh6 $6 {This variation has got a bad reputation, and not
without reason. In many variations the N on h6 is out of play.} 10. O-O (10.
exd6 {transposes to the game after} Qxd6 11. O-O O-O {- 10.0-0}) 10... O-O 11.
exd6 (11. Ba3 $5 {comes into consideration as well:} Na5 12. Qb5 $1 (12. Qb2 {
is rather passive.} Nxc4 13. Nxc4 Qc6 14. Nxb6 axb6 15. exd6 (15. Nd4 $6 {
causes only trouble for White.} Qxe4 (15... Qa4 16. Nc2 Qxe4 17. exd6 cxd6 18.
Bxd6 Rd8 $15) 16. exd6 (16. Rfe1 Qg6 $36) 16... c5 $1 {killing the B on a3.}
17. Rfe1 Qg6 18. Nb5 Bd7 $1 19. c4 (19. Nc7 Bc6 $17) 19... Nf5 $17 {/\ Bc6 ->
^-}) 15... Qa4 $1 {The B is in trouble again.} 16. d7 Qxa3 17. Qxa3 Rxa3 18.
Rfd1 (18. dxc8=Q Rxc8 $15 {and White's P structure is corrupted on the <<.})
18... Bxd7 19. Rxd7 Rxc3 $15 {and Black is a healthy P up.}) (12. Qc2 Nxc4 13.
Nxc4 Qc6 $13) 12... Nxc4 (12... Re8 $5 13. exd6 (13. Qxd7 Bxd7 14. exd6 Nxc4
15. Nxc4 Rxe4 16. Nxb6 cxb6 17. Rfe1 Rae8 18. Rxe4 Rxe4 19. Nd4 Nf5 $11 {
successfully blockading the d o^, ^-.}) 13... cxd6 (13... Nxc4 14. Qxc4 cxd6
15. Qd5 $14 {- 12....Nxc4} (15. Qd5 Qd8 16. Qxd6 $14 (16. Bxd6 $143 Be6 17. Qd3
Rc8 $44))) 14. Qd5 $1 $14 (14. Qxd7 Bxd7 15. Bd5 Rac8 16. Bxd6 (16. c4 Bc5 $132
) 16... Rxc3 $132)) 13. Qxc4 (13. Qxd7 $6 Bxd7 14. Nxc4 Bb5 15. Nfd2 (15. Nxb6
axb6) 15... Rfc8 16. exd6 cxd6 17. Nxd6 Bxf1 18. Nxc8 Rxc8 19. Kxf1 Rxc3 $15 {
with << P majority, and active pieces for Black.}) 13... Rd8 14. exd6 (14. Rad1
$6 dxe5 15. Nxe5 Qe8 $17 {finishing development, after which White remains
with his shattered P formation versus a strong ^^.}) 14... cxd6 15. Rad1 (15.
Qd5 Qc7) 15... d5 $5 {Black wants to get rid of his weakness on d6.} (15... Ng4
16. h3 Nf6 17. Rfe1) 16. Qb3 (16. exd5 Qxd5 17. Be7 Qxc4 18. Nxc4 Rxd1 19. Rxd1
Bg4 $11 {and Black has fully equalized.}) 16... dxe4 17. Nxe4 (17. Nc4 $2 Qe8
18. Nxb6 (18. Rxd8 Qxd8 19. Rd1 Qf6) 18... Be6 $17) 17... Qc7 18. Rxd8+ {
White cannot make profit from the weakness of d6:} (18. Bd6 Qc6) (18. Nd6 Be6)
18... Qxd8 19. Rd1 Qc7 20. Bd6 Qc6 21. Neg5 Bf5 $11) 11... Qxd6 {
Sveshnikov-Meister, Samara 2000 CBM 78}) 10. Qc2 (10. Qb4 Nxc4 11. Nxc4 Bc5 12.
Qb3 Ne7 13. O-O O-O 14. exd6 cxd6 $13 {Short-Huebner, Dortmund, 1997}) (10. Qa3
Nxc4 11. Nxc4 Bc5 12. Qb3 Ne7 {- 10.Qb4}) 10... Nh6 $6 {This is not so good
here.} (10... Ne7 $2 11. Bxf7+ $1 Kxf7 12. e6+ $1 Kxe6 13. Ng5+ Kf6 14. e5+ $1
dxe5 (14... Kxg5 15. Nf3+ Kh5 16. h3 $1 {1:0 Ebeling-Rantanen, cr 1980}) 15.
Nde4+ Kg6 16. Nf3 Nac6 17. Nc5+ $18 {Barker-Marshall, London Wch-Jun 1951}) (
10... Nxc4 $142 11. Nxc4 {This is the critical position. Now Black is on a
crossroad.} d5 $1 {It seems that this move may solve Black's problems in the 
[+].} (11... Bc5 $6 12. exd6 $142 (12. O-O Qe6 (12... d5 {is not so strong
anymore.} 13. exd5 (13. Rd1 $5 Qb5 14. Ne3 dxe4 15. Nd4 Bxd4 16. cxd4 {and the
central pawns are rather dangerous.}) (13. Be3 $6 {is not so effective in view
of} Qb5 $1 14. Ncd2 Bxe3 15. fxe3 Ne7 $13) 13... Qxd5 14. Ne3 Qe6 15. Rd1 Ne7
16. Ng5 Qg6 17. Qa4+ $14) 13. Qb3 Ne7 14. Nd4 Bxd4 $1 {Black has to eliminate
the strong N in order to get time for his development.} (14... Qg6 $6 15. exd6
cxd6 16. e5 $1 O-O 17. Nxd6 (17. exd6 Bxd6 18. Nxd6 Qxd6 {- 17.Nxd6}) 17...
Bxd6 (17... Be6 18. Nxe6 fxe6 19. Be3 $18 {Ernst-Olsson, SWE-ch Karlskrona 1983
}) 18. exd6 Qxd6 19. Ba3 Qf6 20. Rfe1 $16 {with a big lead of development for
White.}) 15. cxd4 d5 $1 {Black is playing for a blockade on the light squares.}
(15... dxe5 16. Nxe5 c6 (16... O-O 17. Qxe6 Bxe6 18. d5 $14) 17. Ba3 $14) 16.
exd5 Qxd5 $1 (16... Nxd5 17. Ba3) 17. Ba3 (17. Qc3 Nf5) 17... Be6 18. Bxe7 Qxc4
19. Qxc4 Bxc4 20. Rfc1 b5 $11 {^-}) 12... Bxd6 $142 (12... cxd6 $6 {This
allows White to put a strong pressure on >< d6, Sveshnikov-Sharma, Dubai 2001
CBM 83}) 13. O-O Be7 {Black wants to keep his ^^.} (13... Qe6 $6 14. Nxd6+ Qxd6
15. Rd1 Qa6 16. Bf4 c5 17. Rd6 b6 18. Qd2 {Now Black can hardly finish his
development in this game.} Be6 (18... Bg4 $2 19. Ne5 Qc8 20. Rc6 Qb7 21. Qd5
Bc8 22. Rxc8+ $18 {1-0 Sokolov-Kneller, corr SU 1977}) 19. Rd1 Qc8 20. Ng5 $16)
14. Ne3 (14. Nce5 Qe6 15. Bf4 $14) 14... Nf6 15. Rd1 (15. Nf5 O-O 16. Bg5 $14)
15... Qc6 16. Nd5 Nxd5 17. exd5 Qd6 18. Qe4 O-O 19. Bf4 Qd8 20. Nd4 {White has
centralized his pieces in a most effective way.} a6 $14 {Novoselski-Zlaticanin,
corr YUG 1979}) 12. Ne3 $5 (12. Bg5 $5 h6 $1 {is the cold-blooded answer.} (
12... Qg4 $6 13. O-O-O $1 (13. Nxb6 axb6 14. Qd3 h6 {(Wieringen-Schlosser,
corr 1989)} 15. Bh4 g5 16. exd5 Bf5 {White has no real threats for the piece.}
17. Qb5+ Bd7 18. Qd3 gxh4 19. O-O h3 20. g3 Bf5 $19 {Cafferty}) 13... h6 (13...
f6 $2 14. exf6 gxf6 15. Ne3 Qxe4 16. Qb3 $1 fxg5 17. Nxd5 {This is a typical
-> against the K in the middle.} Kf8 18. Rhe1 Qg6 19. Ne7 Qf7 20. Rd8+ Kg7 21.
Qxf7+ Kxf7 22. Nxc8 Kf6 23. Ree8 $18 {Limayo-Lins Rosas, corr 1998}) (13...
Qxg2 $2 14. Qd3 f6 15. Rhg1 Qxf2 16. exf6 gxf6 17. Qxd5 {The black K is again
exposed!} Qxf3 18. Rg3 Qxd1+ 19. Qxd1 Be6 20. Bh4 Ne7 21. Qa4+ Nc6 22. Bxf6 Rf8
23. e5 $18 {Malmstrom-Barkwell, corr 1997}) 14. e6 $1 Bxe6 15. Nxb6 axb6 16.
exd5 {White has to open up the central lines against the K in the middle.} hxg5
17. dxe6 fxe6 18. Qg6+ Kf8 19. Rd7 Qf4+ 20. Kb2 Qf6 21. Qxg5 $16 {Cafferty}) (
12... dxc4 $2 {is losing in view of} 13. Rd1 $18) 13. Bh4 g5 $1 {is the
consistant reply.} (13... Qg4 14. Nxb6 $5 (14. O-O-O g5 $5 15. Nxb6 axb6 16.
Bg3 Qxe4 17. Qxe4 dxe4 18. Nd4 {White has a strong lead of development, which
can be annoying even without queens.} c5 19. Nb5 Ke7 20. Rd2 Be6 21. Kb1 $13 {
Harding}) 14... axb6 15. exd5 Qxg2 16. Ke2 $13 {Palkovi}) 14. Nxb6 axb6 15. Bg3
dxe4 16. Qxe4 Qe7 $15 {Rohde} (16... Qf5)) (12. Nxb6 axb6 13. O-O dxe4 14. Qxe4
Qg4 {Black has a good game, if he can maintain the pressure on the light
squares because of the ^-.} 15. Bf4 $5 (15. Qxg4 Bxg4 16. Nd4 Ne7 17. f4 Be6
18. Nb5 Kd7 19. Rf2 Rhd8 20. Ba3 Nf5 21. g4 Ne3 22. f5 Bc4 23. e6+ fxe6 24.
fxe6+ Kc8 $19 {Feinstein-Norman, corr England 1991}) (15. Qe3 Ne7 16. Nd4 O-O
17. h3 Qg6 18. f4 c5 19. Nb5 Rd8 20. Nd6 Nf5 21. Nxc8 Raxc8 {and Black has the
strong blockading N versus the bad B.} 22. Qf3 h5 23. g4 (23. Qxb7 $2 Rc6 24.
Qa6 c4 25. Qa4 Rd3 26. Rb1 Rxh3 $19 {Estrin-Palciauskas, corr World ch 1978-84}
) 23... hxg4 24. hxg4 Nh6 25. f5 Qxg4+ 26. Qxg4 Nxg4 27. e6 Rd3 $19) 15... Ne7
16. h3 (16. Rfe1 Ng6 17. Bg3 Qxe4 18. Rxe4 Be6 19. Ng5 O-O 20. Nxe6 fxe6 {
White's B is again awkward, and Black has good chances to exploit the
weaknesses of the <<.} 21. h4 Ra5 22. Rd1 h5 $15 {Harding-Tiemann, cr 1988})
16... Qg6 $1 17. Qxg6 Nxg6 18. Bg3 Be6 19. a3 O-O $11 {Van Wieringen-Van der
Wijk, NLD-ch corr 1988}) (12. exd5 Qxd5 13. Qa4+ (13. Ne3 Qc5 14. O-O Be6 {^^})
13... Bd7 14. Nxb6 $1 cxb6 15. Qb4 $5 (15. Qd4 Bc6 (15... Qxd4 16. Nxd4 (16.
cxd4 Ne7 17. O-O O-O 18. Re1 Nd5 {This excellent blockading N secures Black
the edge.} 19. Bd2 Rfc8 $15 {Comp Comet-Comp Virtaal Chess Paderborn WHCCC-13
1995}) 16... Rc8 17. Bd2 (17. Kd2 Ne7 18. Ba3 Nd5 19. Rhc1 Rc4 $15 {with a
total blockade on the light squares, Cafferty-Rutherford, England 1996.}) 17...
Ne7 {and only Black can be better.}) (15... Ne7 16. Ba3 Rc8 $1 (16... Be6 17.
O-O Qxd4 18. Nxd4 Nd5 19. Nb5 $16 {>< d6, I.Carlsson-Abrahamsson, corr 1991.})
17. Rd1 Qxd4 18. cxd4 Nd5 {This _|_ is again favourable for Black despite of
the ^-.} 19. O-O Rc3 20. Bb2 Rc4 21. Rc1 Rb4 22. Rc2 Bf5 23. Rd2 Ra4 24. a3 Ke7
$15 {Tronhjem-Mooij, corr Lewkowitz mem 1999}) 16. O-O O-O-O $11) 15... Ne7 (
15... Bb5 $5 16. Nd4 Qxe5+ 17. Be3 (17. Kd1 $2 O-O-O $17) 17... Bd7 18. O-O Qc5
19. Rfe1 $1 (19. Qb1 $2 Ne7 20. Re1 Qd6 21. Qe4 Qd5 22. Qh4 Ng6 23. Bc1+ Be6
24. Nxe6 fxe6 25. Qg4 (25. Qa4+ $2 b5 26. Qa3 Kf7 {The K has reached a safe
place.} 27. Be3 Rhd8 $17 {Pedro Rodriguez-Valdes, Cuba 1990}) 25... O-O 26.
Qxe6+ Qxe6 27. Rxe6 Rac8 $11 {and the weaknesses of the << begin to tell.})
19... O-O-O $44) 16. O-O Be6 $1 $11 (16... Nc6 17. Qh4 Bf5 18. Ba3 Qe4 19. Qg5
Qg4 20. Qd2 {White has to keep the queens on the board.} Be4 21. h3 Qd7 $14 {
Norri-Rantanen, FIN-chT 1996})) 12... dxe4 13. Qxe4 Ne7 14. Ba3 $1 Qc6 {
If Black can finish development, his ^^ and the weakened white pawns on the <<
secure him a comfortable game.} 15. Qb4 Ng6 16. O-O (16. Nd4 Qe4 $1) 16... Bd7
{/\ 0-0-0} 17. Nd4 (17. e6 $2 Qxe6 18. Nd4 {founders on the "zwischenzug"} c5
$1 $19) (17. Rfe1 O-O-O 18. c4 Nf4 $1 19. Rad1 Qa4 20. c5 Ba5 $1 $17) 17... Qa4
18. Qxa4 Bxa4 19. Nc4 {White has to eliminate the strong ^^.} O-O-O 20. Nxb6+ {
(1/2-1/2 Bagirov-Ernst, Osterkars 1995)} axb6 21. e6 $5 (21. f4 Bd7 22. Rae1
Rhe8 23. Bc1 c5 24. Nf3 Bb5 25. Rf2 Bd3 {with a total control over the light
squares.} 26. Rb2 Kc7 $13) 21... c5 $132) 11. O-O (11. Bd3 Ng4 $1) 11... O-O (
11... Ng4 12. exd6 $36) 12. h3 {against Ng4.} (12. Bd3 {is certainly met by}
Ng4 13. exd6 cxd6 14. e5 dxe5 15. Bxh7+ Kh8 16. h3 Nf6 17. Bd3 Qc7) (12. exd6
$142 $1 {was the precise move order.} cxd6 (12... Qxd6 13. e5 Qg6 14. Bd3 Bf5
15. Ne4 $16) 13. h3 $14 {avoiding Ng4 the N remains passive on the edge of the
board.} (13. Bd5 $5)) 12... Re8 (12... Nxc4 $1 13. Nxc4 Qe6 {looked better
again.} 14. Nxb6 (14. Qe2 dxe5 15. Rd1 (15. Ncxe5 f5 $5 (15... f6 16. Nc4 Nf7)
16. exf5 Nxf5 $13) 15... f5 $132) 14... axb6 15. exd6 Qxd6 16. e5 (16. Rd1 Qg6
17. Ne5 Qe6 18. Bf4 f5 $132) 16... Qe6 (16... Qg6 17. Qxg6 $14) 17. Nd4 Qxe5
18. Bxh6 gxh6 19. Rfe1 Qf6 20. Re3 Kh8 21. Rae1 Bd7 $13) 13. Rd1 ({It was the
last chance for} 13. exd6 $1 Qxd6 14. e5 Qg6 15. Bd3 Bf5 16. Ne4 $14) 13...
dxe5 14. Nxe5 $1 Rxe5 15. Nf3 {[#]} Nxc4 $1 {[%mdl 256] Black sacrifices the Q
for active pieces.} (15... Qe7 16. Nxe5 $16) 16. Rxd7 Bxd7 $11 17. Qd3 Be6 18.
Nxe5 Nxe5 19. Qg3 Nhg4 $1 {Black sacrifices another piece in order to reach an
impregnable position.} (19... Ng6 20. Bxh6 gxh6 21. h4 h5 $13) 20. hxg4 Nxg4
21. Be3 (21. Qf3 Bxf2+ 22. Kh1 Bb6 $11) 21... Nxe3 22. fxe3 Rd8 $44 {and
Black's stronghold in unbreakable.} 23. Qe1 h5 24. Rd1 Rxd1 25. Qxd1 Bxa2 26.
Qxh5 Bxe3+ 27. Kh1 Be6 28. Qb5 b6 1/2-1/2

[Event "RUS-ch 56th"]
[Site "Krasnoyarsk"]
[Date "2003.09.12"]
[Round "9"]
[White "Ovetchkin, Roman"]
[Black "Lastin, Alexander"]
[Result "0-1"]
[WhiteElo "2519"]
[BlackElo "2634"]
[Annotator "Lukacs,P"]
[PlyCount "84"]
[EventDate "2003.09.03"]
[EventType "swiss"]
[EventRounds "9"]
[EventCountry "RUS"]
[SourceTitle "CBM 098"]
[Source "ChessBase"]
[SourceDate "2004.02.03"]
[SourceVersion "1"]
[SourceVersionDate "2004.02.03"]
[SourceQuality "1"]

1. e4 e5 2. Nf3 Nc6 3. Bc4 Bc5 4. b4 Bxb4 5. c3 Ba5 6. d4 exd4 7. O-O Nge7 8.
Ng5 (8. cxd4 d5 {- Sulskis-Svidler, Moscow 2001 CBM 86}) 8... d5 (8... Ne5 {
is a serious alternative as well.} 9. Bb3 (9. Nxf7 Nxf7 10. Bxf7+ Kxf7 11. Qh5+
Ng6 12. Qd5+ {forcing the K to retreat to a worse square.} Kf8 13. Qxa5 d3 (
13... d5 $6 {is a light-hearted attempt to finish development quickly.} 14.
exd5 Kf7 15. cxd4 Re8 16. Nc3 $14 {defending >< d5.} (16. Nd2 $6 {allows Black
to get back the d5 P without a fight.} b6 (16... Nf4 17. Nf3 Nxd5 {Now the N
has an excellent blockading square on d5.} 18. Bg5 Qd6 19. Ne5+ Kg8 20. Rae1 b6
21. Qb5 Bb7 $13 {Sertic-Stepic, CRO-chT U20 Medulin 1997}) 17. Qc3 Bb7 $15 {
and White's P structure remains worse.})) 14. Rd1 d6 15. Rxd3 Qe7 $11) (9. Qh5
$2 {fails to} g6 $19) 9... d5 $1 (9... O-O $2 {falls prey to a quick assault.}
10. cxd4 N5g6 11. Qh5 h6 12. Nxf7 Rxf7 13. Bxf7+ Kxf7 14. Qxa5 $18 {
Verkasalo-Tahvanainen, FIN-chJ 1998}) (9... f6 $6 {is rather ugly.} 10. cxd4
fxg5 11. dxe5 g6 $2 (11... Nc6 12. Qh5+ g6 13. Qxg5 Qxg5 14. Bxg5 $14) 12. Bxg5
h5 13. Bf6 Rf8 14. Bg7 Nc6 15. Bxf8 Kxf8 16. Qf3+ Kg7 17. Nc3 Nxe5 18. Qe3 Qf6
19. Nd5 $18 {Jaros-P.Hubner, Svetla nad Sazavoa op-B 1999}) 10. cxd4 (10. exd5
{- 8...d5}) 10... Ng4 $13) (8... O-O $2 {is again bad because of} 9. Qh5 h6 10.
Nxf7 Rxf7 11. Bxf7+ Kf8 (11... Kh7 12. cxd4 Bb6 13. Bb2 Nxd4 14. Nd2 d6 15. Nf3
$16) 12. f4 dxc3 13. f5 Bb6+ 14. Kh1 Bd4 15. f6 $1 $18 {Sveshnikov-Fuchs,
Finkenstein op 1994}) 9. exd5 (9. Bxd5 $2 {is out of question.} Nxd5 10. Qh5 g6
11. Qh6 Be6 $19 {Estrin-Kondali, corr 1971}) 9... Ne5 10. Bb3 (10. Qxd4 $6 N7g6
(10... Nxc4 $2 11. Qxg7 $1 Rf8 12. Nxh7 $18) (10... f6 $5 11. Bb5+ {Other
tries fail to impress:} (11. Bb3 Bb6) (11. Re1 Bb6 12. Qe4 Bf5 13. Qf4 Qd7 14.
Ne6 Bxe6 15. dxe6 Qc6 16. Rxe5 $5 (16. Na3 O-O-O) 16... Ng6 $1 {This is a
nasty intermediate move with a double ->.} (16... fxe5 17. Qf7+ Kd8 18. Bg5 Qe8
19. Qxg7 $44 {and the black K is vulnerable in the middle.}) 17. Bb5 Nxf4 18.
Bxc6+ bxc6 19. Re4 {(Novosak-Sosna, CZE-chT 1995)} Nd3 $1 $15) 11... c6 12.
dxc6 bxc6 13. Be2 $1 Bf5 $11) 11. Bf4 O-O (11... Nxc4 $5 12. Re1+ (12. Qxc4 O-O
) 12... Kf8 13. Qxc4 Nxf4 14. Qxf4 Qxd5 $15) 12. Bxe5 Qxg5 $15 {Benares
Ricardo-Persson Christoffer, Guarapuava 1995}) 10... dxc3 $6 (10... h6 $143 {
is inferior} 11. cxd4 $142 {This looks simple, but} (11. Qxd4 {works also well,
for example:} hxg5 $5 (11... N7g6 12. Qa4+ Bd7 13. Nxf7 Bxa4 14. Nxd8 Bxb3 15.
axb3 Bxc3 16. Nxc3 Kxd8 {(Verkasalo-Hermlin, Haapajarvi op 1999)} 17. Rd1 $1 a6
18. d6 $16) 12. Qxe5 f6 13. Qg3 $1 (13. Qe4 Qd6) 13... Qd7 14. Re1 $14) 11...
N5g6 (11... hxg5 12. dxe5 $16) 12. Nxf7 $1 Kxf7 13. d6+ $16) (10... O-O 11.
cxd4 {This is the old line here, which was regarded as satisfactory for Black.
What was Morozevich's improvement?} (11. Nxh7 Kxh7 12. Qh5+ Kg8 13. Qxe5 Nf5
$13 {Short-Adams, Sarajevo 2000 CBM 77} (13... dxc3 {develops only White's N.}
14. Nxc3 (14. Ba3 Ng6 15. Qh5 Nf4 $1 16. Qf3 Qf6 17. Bxf8 Nh3+ 18. Kh1 Qxf3 19.
gxf3 Kxf8 20. Na3 Bb6 $17 {with more than enough compensation for the exchange
according to Chandler.}) 14... Bxc3 15. Qxc3 Nxd5 16. Bxd5 Qxd5 17. Bb2 f6 18.
Qxc7 $14)) 11... Ng4 12. Qf3 (12. Ba3 Nxd5 $1 {This is the typical method for
a strong counterattack. Suddenly Black's pieces come out of passivity very
quickly, and it is White, who has to defend himself.} 13. Bxf8 Qxg5 14. Bc5 (
14. Bxd5 Qxd5 15. Ba3 Bd7 {Black has more than enough compensation for the
exchange because of his lead of development, ^^, and the weak pawns in White's
camp.} 16. Nd2 Re8 (16... Qxd4 17. Nf3 Qxd1 18. Rfxd1 Bc6 $15 {with two pawns
and an active ^^ for the exchange.}) 17. Nb3 Bb6 18. Rc1 Re6 19. Rc3 Bb5 20.
Re1 Bxd4 21. Nxd4 Qxd4 $15 {Anderssen-Mieses, Breslau m 1867}) 14... Nf4 $1 $44
{with attacking chances on the >>.}) 12... Nf6 $5 (12... Qd6 {deserves also
attention.} 13. Bf4 (13. Qg3 Qxg3 14. hxg3 Bb6) 13... Qf6 14. Nc3 {and draw
was agreed in Bronstein-Ivanov, Maidstone Menchik op 1994} {missing the
brilliant} Nxh2 $1 15. Qh5 (15. Kxh2 Bxc3 $17) (15. Bxh2 Qxg5 16. d6 Bg4 $17)
15... Bf5 $17) 13. Ba3 h6 14. Ne4 (14. Qe2 Nfxd5 15. Bxd5 Nxd5 16. Bxf8 Qxg5
$15) 14... Nxe4 15. Qxe4 Re8 {White has still problems with the development of
his N, Morozevich-Adams, Wijk aan Zee 2001 CBM 81}) 11. Qe2 (11. Qd4 $5 f6 12.
Qa4+ c6 13. dxc6 N7xc6 14. Rd1 $36 {is also worthy of attention.}) 11... f6 12.
Ba3 $6 {In this extremely difficult position it is easy to go astray.} (12. Ne6
$2 {is out of question because of} Bxe6 13. dxe6 Qd3 $17) (12. Ne4 $5 {
deserves attention.} Nxd5 (12... Bg4 13. f3 Bb6+ 14. Kh1 Bd7 15. Nbxc3 $14) 13.
Ba3 Nf4 (13... Bf5 $5 14. Rd1 Bxe4 (14... Bg4 15. f3 Be6 16. Bxd5 Bxd5 17.
Nbxc3 $16) 15. Qxe4 c6 16. Bxd5 cxd5 17. Rxd5 Qc7 18. Rc5 Qd7 19. Nxc3 Bxc3 20.
Rxc3 $44 {and the black K is still in the middle.}) (13... c6 14. Nd6+ Kd7 15.
Bxd5 (15. f4 Ng6 16. Bxd5 Qb6+ 17. Kh1 cxd5 {and it is not easy for White to
show something for the sacrificed material, Bronstein-Comp Heuristic Alpha,
The Hagua AEGON 1992.}) 15... c2 16. Qxc2 cxd5 17. Rd1 $16) 14. Qb5+ c6 15. Qc5
Nfd3 16. Nd6+ Kf8 17. Qe3 Bb4 (17... c5 18. f4 $1 $16) 18. Bxb4 Nxb4 19. Nxc8
Rxc8 20. Rd1 Qb6 $13) (12. Rd1 $1 {/\ Ne6 looks rather promising.} Bg4 $1 (
12... c2 13. Bxc2 Nxd5 14. Bb2 $16) 13. f3 (13. Qb5+ $2 Qd7 14. Qxa5 Bxd1 15.
Bxd1 fxg5 $19) 13... Bf5 (13... N7g6 14. Ne6 Bxe6 15. dxe6 Qc8 16. Qb5+ Nc6 17.
Rd7 Nge5 18. Rxg7 a6 19. Qd5 $40) 14. Ne6 $1 Bxe6 15. dxe6 Qc8 16. Ba3 $44 {
and White's strong ^^ and o^ on e6 give him good compensation for the pawns.})
12... Bg4 13. f3 (13. Qb5+ c6) 13... Bf5 14. Ne4 Bxe4 (14... Nxd5 $2 {runs
into the pin after} 15. Rd1 Bb6+ 16. Kh1 c2 17. Rxd5 cxb1=Q+ 18. Rxb1 $18) 15.
Qxe4 {[#]} Qd7 $2 {Now White gets the advantage by energetic play.} (15... c2
$1 {was the best reply with the following lines:} 16. Qxc2 Nxd5 17. Rd1 c6 18.
f4 Qb6+ 19. Bc5 Ne3 $1 20. Bxb6 (20. Qc1 Nxd1 21. fxe5 Qxc5+ 22. Qxc5 Bb6 23.
Qxb6 axb6 24. exf6 O-O-O $17) 20... Nxc2 21. Bxa5 Nxa1 $15) 16. f4 $1 N5g6 17.
d6 $1 {The undefended R on a8 is the target!} cxd6 18. Ba4 b5 19. Qxa8+ Kf7 20.
Qf3 bxa4 21. Nxc3 $16 Rc8 22. Ne4 Kg8 23. Rad1 $2 (23. Nxd6 {was simple and
good.} Rc3 24. Qa8+ Nf8 (24... Qd8 25. Qe4 $18) 25. Nb5 Bb6+ 26. Kh1 Rc8 27.
Qf3 $16) 23... d5 {and Black is back again!} 24. Ng3 (24. Nc5 Bb6 $15) 24...
Rc2 25. Bxe7 Nxe7 26. a3 h6 27. Kh1 Bb6 {Black has a nice compensation for the
exchange.} 28. Rc1 Rb2 29. Rb1 Ra2 30. Qd3 Qd6 31. Rb4 $2 {The R is only
vulnerable here.} (31. Nf5 Nxf5 32. Qxf5 Rxa3 (32... d4 33. Rfc1) 33. Rfc1 Re3
34. Rc8+ Bd8 35. Rbc1 a3 $13) (31. Rf3 $13) 31... Qc6 $1 32. h3 d4 33. Rg1 $6 {
White is probably in time trouble.} (33. Rf3 Qc1+ (33... Nd5 34. Rc4) 34. Nf1
Qc2 $17) 33... Nd5 34. Rc4 Qd7 $2 ({missing the simple} 34... Nxf4 $19) 35. Nf5
Kh8 (35... Nxf4 $1 {was again required!} 36. Nxh6+ gxh6 37. Qg3+ Kh7 38. Qxf4
Rxa3 39. Rgc1 Rc3 40. R1xc3 dxc3 41. Qc1 f5 42. Rxc3 $11) 36. Rcc1 $2 {White
completely ignores >< f4 in this game.} (36. Rf1 $1 {was best, for example:}
Rxa3 37. Qxa3 Qxf5 38. Qf8+ Kh7 39. Rc8 $16) 36... Nxf4 $19 {and finally Black
takes the P, after which White's position collapses.} 37. Rc8+ (37. Qe4 Ne2 $19
) 37... Kh7 38. Qc4 Qd5 39. Qxd5 Nxd5 40. Rd1 Ne3 41. Nxe3 dxe3 42. Re8 Rxa3
0-1